THE JOSHUA FILES DARK PARALLEL (Record no. 3266)
[ view plain ]
| 000 -LEADER | |
|---|---|
| fixed length control field | 00323nam a22001337a 4500 |
| 020 ## - INTERNATIONAL STANDARD BOOK NUMBER | |
| ISBN | 978-1-407111-03-2 |
| 082 ## - DEWEY DECIMAL CLASSIFICATION NUMBER | |
| Classification number | 823 |
| Item number | HAR/D |
| 100 ## - MAIN ENTRY--AUTHOR NAME | |
| Personal name | HARRIS, M G |
| 245 ## - TITLE STATEMENT | |
| Title | THE JOSHUA FILES DARK PARALLEL |
| 260 ## - PUBLICATION, DISTRIBUTION, ETC. (IMPRINT) | |
| Place of publication | LONDON |
| Name of publisher | SCHOLASTIC CHILDREN'S BOOK |
| Year of publication | 2011 |
| 300 ## - PHYSICAL DESCRIPTION | |
| Number of Pages | 346 |
| 650 ## - SUBJECT ADDED ENTRY--TOPICAL TERM | |
| Topical Term | NOVEL |
| Geographic subdivision | UNITED KINGDOM |
| 942 ## - ADDED ENTRY ELEMENTS (KOHA) | |
| Koha item type | Books |
| Withdrawn status | Lost status | Collection code | Home library | Current library | Shelving location | Date acquired | Source of acquisition | Full call number | Accession Number | Koha item type |
|---|---|---|---|---|---|---|---|---|---|---|
| Fiction | Main Library | Main Library | SHELF-14F- ALPHABETICAL H,I --ENGLISH NOVELS & FICTIONS | 14/03/2014 | purchase | 823 HAR/D | 07939 | Books |